000 00450nam a2200169Ia 4500
008 230917s9999||||xx |||||||||||||| ||und||
020 _cRS295
040 _e229374
_aMAIN
041 _aEnglish
082 _a823.08 M726T
100 _aMohamed, Khalid
245 0 _aTwo mothers and other stories
260 _aNoida
_bOm Books International
_c2012
300 _a264 p.
500 _a2191 03/12/2015 HBD15/1190 16/12/2015 Main Budget
942 _cBK
999 _c16719
_d16719